[Event "DEM U14 2021"]
[Site "Willingen GER"]
[Date "2021.08.28"]
[Round "8"]
[White "Ensslinger, Colin"]
[Black "Hayen, Andre"]
[Result "1/2-1/2"]
[Termination "normal"]
[Board "17"]
[WhiteElo "1729"]
[BlackElo "1438"]
[WhiteClock "00:36:11"]
[BlackClock "00:14:25"]
[PlyCount "79"]
[WhiteFideId "16226011"]
[BlackFideId "16278984"]
[EventCountry "GER"]
[EventRounds "9"]
[EventType "swiss"]
[EventDate "2021.08.22"]

1. b3 {[%clk 1:30:59]} e5 {[%clk 1:30:57]} 2. Bb2 {[%clk 1:31:25]} Nc6 {[%clk
1:31:23]} 3. e3 {[%clk 1:31:47]} Nf6 {[%clk 1:31:35]} 4. Bb5 {[%clk 1:32:09]}
Bd6 {[%clk 1:32:00]} 5. Na3 {[%clk 1:30:56]} a6 {[%clk 1:31:36]} 6. Be2 {[%clk
1:31:17]} b5 {[%clk 1:30:10]} 7. c4 {[%clk 1:30:44]} b4 {[%clk 1:28:39]} 8. Nc2
{[%clk 1:30:46]} O-O {[%clk 1:28:26]} 9. Nf3 {[%clk 1:27:41]} a5 {[%clk
1:26:22]} 10. O-O {[%clk 1:26:37]} Bb7 {[%clk 1:26:12]} 11. d4 {[%clk 1:25:38]}
Re8 {[%clk 1:23:47]} 12. d5 {[%clk 1:11:26]} Nb8 {[%clk 1:21:42]} 13. Qe1
{[%clk 1:10:55]} c6 {[%clk 1:18:39]} 14. dxc6 {[%clk 1:10:21]} dxc6 {[%clk
1:18:35]} 15. Rd1 {[%clk 1:10:00]} Qc7 {[%clk 1:18:18]} 16. Nh4 {[%clk
1:09:17]} Nbd7 {[%clk 1:12:38]} 17. Nf5 {[%clk 1:07:10]} Bf8 {[%clk 1:12:03]}
18. f3 {[%clk 1:03:41]} g6 {[%clk 1:02:48]} 19. Ng3 {[%clk 1:01:38]} Bg7 {[%clk
1:00:13]} 20. e4 {[%clk 0:58:46]} Nf8 {[%clk 0:55:03]} 21. Bc1 {[%clk 0:55:42]}
Ne6 {[%clk 0:54:16]} 22. Qf2 {[%clk 0:53:26]} Bf8 {[%clk 0:49:50]} 23. Be3
{[%clk 0:50:21]} Nd7 {[%clk 0:48:35]} 24. Kh1 {[%clk 0:48:07]} Qc8 {[%clk
0:42:56]} 25. Rd2 {[%clk 0:45:23]} Bc5 {[%clk 0:39:01]} 26. Bxc5 {[%clk
0:44:09]} Ndxc5 {[%clk 0:39:06]} 27. Rb1 {[%clk 0:44:14]} Qc7 {[%clk 0:36:44]}
28. Nf1 {[%clk 0:44:10]} Red8 {[%clk 0:34:47]} 29. Rbd1 {[%clk 0:43:26]} Rxd2
{[%clk 0:32:12]} 30. Rxd2 {[%clk 0:43:47]} Rd8 {[%clk 0:32:24]} 31. Qe3 {[%clk
0:44:11]} Rd7 {[%clk 0:31:42]} 32. Rxd7 {[%clk 0:40:58]} Qxd7 {[%clk 0:32:09]}
33. Qd2 {[%clk 0:40:42]} Qxd2 {[%clk 0:28:58]} 34. Nxd2 {[%clk 0:40:22]} Nd4
{[%clk 0:29:07]} 35. Nxd4 {[%clk 0:40:41]} exd4 {[%clk 0:29:32]} 36. f4 {[%clk
0:40:47]} Ne6 {[%clk 0:21:40]} 37. f5 {[%clk 0:37:55]} Nf4 {[%clk 0:20:45]} 38.
Bf1 {[%clk 0:37:26]} gxf5 {[%clk 0:17:58]} 39. g3 {[%clk 0:36:30]} Ne6 {[%clk
0:14:25]} 40. exf5 {[%clk 0:36:11]} 1/2-1/2

[Event "DEM U14 2021"]
[Site "Willingen GER"]
[Date "2021.08.28"]
[Round "8"]
[White "Schwartz, Oliver"]
[Black "Aumüller, Naum"]
[Result "1/2-1/2"]
[Termination "normal"]
[Board "18"]
[WhiteElo "1896"]
[BlackElo "1674"]
[WhiteClock "00:01:35"]
[BlackClock "00:02:17"]
[PlyCount "62"]
[WhiteFideId "16207459"]
[BlackFideId "16263960"]
[EventCountry "GER"]
[EventRounds "9"]
[EventType "swiss"]
[EventDate "2021.08.22"]

1. d4 {[%clk 1:30:57]} Nf6 {[%clk 1:30:57]} 2. c4 {[%clk 1:31:21]} e6 {[%clk
1:31:22]} 3. Nf3 {[%clk 1:31:28]} d5 {[%clk 1:31:44]} 4. Nc3 {[%clk 1:31:42]}
Be7 {[%clk 1:31:37]} 5. Bf4 {[%clk 1:28:13]} c6 {[%clk 1:29:18]} 6. e3 {[%clk
1:25:55]} O-O {[%clk 1:28:10]} 7. c5 {[%clk 1:15:32]} Nbd7 {[%clk 1:20:00]} 8.
Bd3 {[%clk 1:13:11]} Re8 {[%clk 1:17:01]} 9. Qc2 {[%clk 0:59:40]} h6 {[%clk
1:03:07]} 10. b4 {[%clk 0:52:23]} a5 {[%clk 0:54:30]} 11. b5 {[%clk 0:49:26]}
Bxc5 {[%clk 0:44:36]} 12. dxc5 {[%clk 0:38:00]} e5 {[%clk 0:44:19]} 13. Nxe5
{[%clk 0:34:00]} Nxe5 {[%clk 0:44:21]} 14. Be2 {[%clk 0:32:47]} Bg4 {[%clk
0:38:14]} 15. Rd1 {[%clk 0:16:01]} Bxe2 {[%clk 0:35:42]} 16. Qxe2 {[%clk
0:15:58]} Qe7 {[%clk 0:33:50]} 17. Na4 {[%clk 0:11:44]} Ne4 {[%clk 0:29:40]}
18. Bxe5 {[%clk 0:08:13]} Qxe5 {[%clk 0:29:26]} 19. O-O {[%clk 0:08:38]} Nc3
{[%clk 0:19:50]} 20. Nxc3 {[%clk 0:09:03]} Qxc3 {[%clk 0:20:17]} 21. Rc1 {[%clk
0:08:58]} Qb4 {[%clk 0:18:16]} 22. bxc6 {[%clk 0:09:15]} bxc6 {[%clk 0:18:27]}
23. Qc2 {[%clk 0:09:14]} Re4 {[%clk 0:16:59]} 24. Rb1 {[%clk 0:01:54]} Rc4
{[%clk 0:14:02]} 25. Qf5 {[%clk 0:01:40]} Qxc5 {[%clk 0:12:20]} 26. Rb7 {[%clk
0:02:07]} Rf8 {[%clk 0:11:53]} 27. g3 {[%clk 0:01:57]} Qd6 {[%clk 0:08:43]} 28.
Rfb1 {[%clk 0:01:47]} Rb4 {[%clk 0:08:06]} 29. Qc2 {[%clk 0:01:08]} Rxb1+
{[%clk 0:06:56]} 30. Qxb1 {[%clk 0:01:31]} Qc5 {[%clk 0:05:09]} 31. Rc7 {[%clk
0:01:35]} Qb5 {[%clk 0:02:17]} 1/2-1/2

[Event "DEM U14 2021"]
[Site "Willingen GER"]
[Date "2021.08.28"]
[Round "8"]
[White "Herter, Arne"]
[Black "Leubner, Paul Damdin"]
[Result "1-0"]
[Termination "normal"]
[Board "19"]
[WhiteElo "1740"]
[BlackElo "1407"]
[WhiteClock "00:50:17"]
[BlackClock "00:42:00"]
[PlyCount "45"]
[WhiteFideId "16255372"]
[BlackFideId "16265858"]
[EventCountry "GER"]
[EventRounds "9"]
[EventType "swiss"]
[EventDate "2021.08.22"]

1. e4 {[%clk 1:30:58]} e5 {[%clk 1:30:52]} 2. Nf3 {[%clk 1:31:21]} Nc6 {[%clk
1:31:16]} 3. d4 {[%clk 1:31:45]} exd4 {[%clk 1:31:31]} 4. Bc4 {[%clk 1:32:09]}
Bc5 {[%clk 1:31:35]} 5. O-O {[%clk 1:32:31]} Nf6 {[%clk 1:30:41]} 6. e5 {[%clk
1:32:46]} d5 {[%clk 1:30:17]} 7. exf6 {[%clk 1:33:02]} dxc4 {[%clk 1:29:48]} 8.
Re1+ {[%clk 1:33:08]} Be6 {[%clk 1:28:15]} 9. Ng5 {[%clk 1:33:04]} Qxf6 {[%clk
1:27:15]} 10. Nxe6 {[%clk 1:33:18]} fxe6 {[%clk 1:26:36]} 11. Qh5+ {[%clk
1:33:32]} Kd7 {[%clk 1:23:02]} 12. Qxc5 {[%clk 1:33:45]} Rhf8 {[%clk 1:20:27]}
13. Re2 {[%clk 1:12:50]} d3 {[%clk 1:13:21]} 14. cxd3 {[%clk 1:08:26]} Nd4
{[%clk 1:06:56]} 15. Rd2 {[%clk 1:02:44]} cxd3 {[%clk 1:02:51]} 16. Nc3 {[%clk
0:59:58]} b6 {[%clk 0:58:52]} 17. Qc4 {[%clk 0:55:29]} Ne2+ {[%clk 0:54:47]}
18. Nxe2 {[%clk 0:49:37]} Qxf2+ {[%clk 0:52:48]} 19. Kh1 {[%clk 0:49:59]} Qe1+
{[%clk 0:50:56]} 20. Ng1 {[%clk 0:50:14]} Rf1 {[%clk 0:47:57]} 21. Rxd3+ {[%clk
0:49:58]} Ke8 {[%clk 0:43:11]} 22. Qc6+ {[%clk 0:50:12]} Kf7 {[%clk 0:42:00]}
23. Rf3+ {[%clk 0:50:17]} 1-0

[Event "DEM U14 2021"]
[Site "Willingen GER"]
[Date "2021.08.28"]
[Round "8"]
[White "Kieselbach, Marvin"]
[Black "Kieselbach, Jannik"]
[Result "1/2-1/2"]
[Termination "normal"]
[Board "20"]
[WhiteElo "1592"]
[BlackElo "1462"]
[WhiteClock "01:06:27"]
[BlackClock "01:10:25"]
[PlyCount "45"]
[WhiteFideId "16235770"]
[BlackFideId "16246403"]
[EventCountry "GER"]
[EventRounds "9"]
[EventType "swiss"]
[EventDate "2021.08.22"]

1. Nf3 {[%clk 1:30:54]} Nf6 {[%clk 1:30:46]} 2. d4 {[%clk 1:30:29]} e6 {[%clk
1:31:09]} 3. e3 {[%clk 1:30:35]} b6 {[%clk 1:31:30]} 4. Nbd2 {[%clk 1:30:51]}
Bb7 {[%clk 1:31:35]} 5. Bd3 {[%clk 1:31:08]} c5 {[%clk 1:31:32]} 6. O-O {[%clk
1:31:27]} d5 {[%clk 1:28:55]} 7. Ne5 {[%clk 1:29:53]} Be7 {[%clk 1:23:51]} 8.
f4 {[%clk 1:29:49]} O-O {[%clk 1:23:35]} 9. Qf3 {[%clk 1:27:15]} Ba6 {[%clk
1:21:36]} 10. Bxa6 {[%clk 1:26:52]} Nxa6 {[%clk 1:21:55]} 11. g4 {[%clk
1:23:56]} Qc7 {[%clk 1:20:56]} 12. g5 {[%clk 1:19:50]} Nd7 {[%clk 1:20:48]} 13.
h4 {[%clk 1:15:36]} cxd4 {[%clk 1:18:51]} 14. Nxd7 {[%clk 1:14:09]} Qxd7 {[%clk
1:15:42]} 15. exd4 {[%clk 1:14:28]} f6 {[%clk 1:14:18]} 16. g6 {[%clk 1:11:31]}
hxg6 {[%clk 1:13:23]} 17. Qd3 {[%clk 1:11:48]} Nb4 {[%clk 1:13:15]} 18. Qxg6
{[%clk 1:11:44]} f5 {[%clk 1:11:33]} 19. c3 {[%clk 1:08:22]} Nc2 {[%clk
1:10:58]} 20. Rb1 {[%clk 1:08:28]} Ne3 {[%clk 1:10:34]} 21. Re1 {[%clk
1:06:48]} Rf6 {[%clk 1:10:41]} 22. Qg3 {[%clk 1:06:51]} Ng4 {[%clk 1:10:25]}
23. Nf3 {[%clk 1:06:27]} 1/2-1/2

[Event "DEM U14 2021"]
[Site "Willingen GER"]
[Date "2021.08.28"]
[Round "8"]
[White "Hoppstädter, Daniel"]
[Black "Lippitz, Jaden"]
[Result "1-0"]
[Termination "normal"]
[Board "22"]
[WhiteElo "1743"]
[BlackElo "1615"]
[WhiteClock "00:13:06"]
[BlackClock "00:34:20"]
[PlyCount "71"]
[WhiteFideId "16243625"]
[BlackFideId "34608893"]
[EventCountry "GER"]
[EventRounds "9"]
[EventType "swiss"]
[EventDate "2021.08.22"]

1. d4 {[%clk 1:30:59]} c5 2. d5 e5 {[%clk 1:31:16]} 3. e4 {[%clk 1:31:27]} d6
{[%clk 1:31:37]} 4. Nc3 {[%clk 1:31:45]} g6 {[%clk 1:31:14]} 5. Be2 {[%clk
1:31:36]} Bh6 {[%clk 1:30:27]} 6. Bxh6 {[%clk 1:31:33]} Nxh6 {[%clk 1:30:55]}
7. Qd2 {[%clk 1:30:52]} Ng8 {[%clk 1:29:45]} 8. h3 {[%clk 1:30:39]} f5 {[%clk
1:25:35]} 9. Nf3 {[%clk 1:29:59]} Nf6 {[%clk 1:24:00]} 10. exf5 {[%clk
1:25:05]} Bxf5 {[%clk 1:22:37]} 11. Bb5+ {[%clk 1:22:31]} Bd7 {[%clk 1:20:14]}
12. Bxd7+ {[%clk 1:15:38]} Nbxd7 {[%clk 1:20:14]} 13. Ng5 {[%clk 1:12:28]} Qe7
{[%clk 1:16:40]} 14. Ne6 {[%clk 1:12:42]} Nb6 {[%clk 1:15:43]} 15. O-O {[%clk
1:10:04]} Kd7 {[%clk 1:11:15]} 16. f4 {[%clk 0:43:24]} Nfxd5 {[%clk 1:04:39]}
17. Nxc5+ {[%clk 0:42:51]} dxc5 {[%clk 1:02:04]} 18. Nxd5 {[%clk 0:43:02]} Nxd5
{[%clk 0:58:36]} 19. Qxd5+ {[%clk 0:42:39]} Kc7 {[%clk 0:57:31]} 20. Qxe5+
{[%clk 0:31:20]} Qxe5 {[%clk 0:57:20]} 21. fxe5 {[%clk 0:31:48]} Rhf8 {[%clk
0:56:37]} 22. c4 {[%clk 0:23:29]} Rae8 {[%clk 0:45:51]} 23. Rxf8 {[%clk
0:22:28]} Rxf8 {[%clk 0:46:17]} 24. Rd1 {[%clk 0:22:14]} Rf7 {[%clk 0:42:31]}
25. Rd5 {[%clk 0:17:50]} b6 {[%clk 0:41:27]} 26. h4 {[%clk 0:13:38]} Rd7 {[%clk
0:38:59]} 27. Kf2 {[%clk 0:12:15]} Kc6 {[%clk 0:38:58]} 28. Rxd7 {[%clk
0:11:20]} Kxd7 {[%clk 0:39:27]} 29. Kf3 {[%clk 0:11:35]} h6 {[%clk 0:38:21]}
30. Ke4 {[%clk 0:11:10]} Ke6 {[%clk 0:38:25]} 31. a3 {[%clk 0:11:24]} a6 {[%clk
0:36:52]} 32. a4 {[%clk 0:11:46]} g5 {[%clk 0:35:37]} 33. hxg5 {[%clk 0:12:06]}
hxg5 {[%clk 0:35:57]} 34. g4 {[%clk 0:12:27]} a5 {[%clk 0:35:15]} 35. b3 {[%clk
0:12:47]} Kd7 {[%clk 0:34:20]} 36. Kf5 {[%clk 0:13:06]} 1-0

[Event "DEM U14 2021"]
[Site "Willingen GER"]
[Date "2021.08.28"]
[Round "8"]
[White "Schott, Andy"]
[Black "Amrhein, Dennis"]
[Result "1-0"]
[Termination "normal"]
[Board "23"]
[WhiteElo "1555"]
[BlackElo "1267"]
[WhiteClock "00:08:18"]
[BlackClock "00:50:40"]
[PlyCount "119"]
[WhiteFideId "16244940"]
[BlackFideId "16254570"]
[EventCountry "GER"]
[EventRounds "9"]
[EventType "swiss"]
[EventDate "2021.08.22"]

1. c4 {[%clk 1:30:51]} c5 {[%clk 1:30:58]} 2. g3 {[%clk 1:31:15]} g6 {[%clk
1:31:18]} 3. Bg2 {[%clk 1:31:40]} Bg7 {[%clk 1:31:42]} 4. Nc3 {[%clk 1:32:06]}
Nc6 {[%clk 1:31:56]} 5. a3 {[%clk 1:32:29]} Rb8 6. Rb1 {[%clk 1:21:08]} a5
{[%clk 1:26:53]} 7. e3 {[%clk 1:21:32]} d6 {[%clk 1:26:46]} 8. Nge2 {[%clk
1:21:53]} e5 {[%clk 1:21:55]} 9. O-O {[%clk 1:22:02]} Be6 {[%clk 1:21:02]} 10.
Nd5 Bxd5 {[%clk 1:20:15]} 11. Bxd5 {[%clk 1:20:50]} Nge7 {[%clk 1:19:52]} 12.
Bg2 {[%clk 1:21:10]} f5 {[%clk 1:19:49]} 13. d3 {[%clk 1:19:48]} O-O {[%clk
1:16:49]} 14. Bd2 g5 {[%clk 1:01:58]} 15. f4 {[%clk 1:12:04]} exf4 {[%clk
0:57:06]} 16. exf4 {[%clk 1:12:21]} g4 {[%clk 0:56:16]} 17. b4 {[%clk 1:01:14]}
axb4 {[%clk 0:51:23]} 18. axb4 {[%clk 1:00:27]} cxb4 {[%clk 0:51:23]} 19. Bxb4
{[%clk 1:00:39]} Qb6+ 20. c5 {[%clk 0:31:01]} dxc5 {[%clk 0:49:54]} 21. Bc3
{[%clk 0:29:30]} Qd8 {[%clk 0:48:39]} 22. Qb3+ {[%clk 0:27:22]} Rf7 {[%clk
0:47:13]} 23. Bxg7 {[%clk 0:26:07]} Kxg7 {[%clk 0:47:37]} 24. Rfc1 {[%clk
0:18:46]} b6 {[%clk 0:40:04]} 25. Rc2 {[%clk 0:13:32]} Nb4 {[%clk 0:36:12]} 26.
Rd2 {[%clk 0:08:46]} Nec6 {[%clk 0:36:02]} 27. d4 {[%clk 0:05:55]} Rd7 {[%clk
0:34:20]} 28. d5 {[%clk 0:04:15]} Ne7 29. Rbd1 {[%clk 0:02:41]} Rd6 {[%clk
0:33:25]} 30. Nc3 {[%clk 0:01:52]} b5 {[%clk 0:33:15]} 31. Bf1 {[%clk 0:01:04]}
Qb6 {[%clk 0:32:24]} 32. Kh1 {[%clk 0:01:01]} Qa5 {[%clk 0:31:36]} 33. Qb2
{[%clk 0:00:46]} Kg8 {[%clk 0:31:14]} 34. Ra1 {[%clk 0:00:39]} Qd8 {[%clk
0:30:36]} 35. Nxb5 {[%clk 0:00:34]} Rxd5 {[%clk 0:30:34]} 36. Bc4 {[%clk
0:00:43]} Rxb5 {[%clk 0:29:47]} 37. Rxd5 {[%clk 0:00:35]} Nexd5 {[%clk
0:29:47]} 38. Bxb5 {[%clk 0:00:44]} Qf6 {[%clk 0:25:24]} 39. Qxf6 {[%clk
0:00:36]} Nxf6 {[%clk 0:25:49]} 40. Rc1 {[%clk 0:00:33]} Ne4 {[%clk 0:25:58]}
41. Bd7 {[%clk 0:24:48]} Nd3 42. Ra1 {[%clk 0:19:12]} c4 {[%clk 0:51:02]} 43.
Be6+ {[%clk 0:14:11]} Kg7 {[%clk 0:51:21]} 44. Bxc4 {[%clk 0:14:19]} Ndf2+
{[%clk 0:50:59]} 45. Kg2 {[%clk 0:13:27]} Nh3 46. Ra7+ {[%clk 0:10:57]} Kg6
{[%clk 0:51:05]} 47. Ra6+ {[%clk 0:10:48]} Kg7 {[%clk 0:51:04]} 48. Be6 {[%clk
0:07:50]} Kf6 {[%clk 0:50:55]} 49. Bd5+ {[%clk 0:07:37]} Ke7 {[%clk 0:49:26]}
50. Bxe4 {[%clk 0:07:55]} fxe4 {[%clk 0:49:48]} 51. Ra7+ {[%clk 0:06:38]} Kd6
{[%clk 0:50:06]} 52. Rxh7 {[%clk 0:07:06]} Kd5 {[%clk 0:50:23]} 53. Rxh3 {[%clk
0:06:28]} gxh3+ {[%clk 0:50:35]} 54. Kf2 {[%clk 0:06:53]} Kd4 {[%clk 0:50:20]}
55. Ke2 {[%clk 0:07:15]} e3 {[%clk 0:50:36]} 56. g4 {[%clk 0:07:21]} Ke4 {[%clk
0:50:49]} 57. g5 {[%clk 0:07:39]} Kf5 {[%clk 0:50:51]} 58. Kxe3 {[%clk
0:07:55]} Kg6 {[%clk 0:50:19]} 59. Ke4 {[%clk 0:07:54]} Kf7 {[%clk 0:50:40]}
60. f5 {[%clk 0:08:18]} 1-0

[Event "DEM U14 2021"]
[Site "Willingen GER"]
[Date "2021.08.28"]
[Round "8"]
[White "Andrade, Ruben"]
[Black "Poetzsch-Heffter, Frieder"]
[Result "1-0"]
[Termination "normal"]
[Board "24"]
[WhiteElo "1638"]
[BlackElo "1598"]
[WhiteClock "00:08:55"]
[BlackClock "00:15:25"]
[PlyCount "47"]
[WhiteFideId "16246829"]
[BlackFideId "34608842"]
[EventCountry "GER"]
[EventRounds "9"]
[EventType "swiss"]
[EventDate "2021.08.22"]

1. e4 {[%clk 1:30:57]} e5 {[%clk 1:30:53]} 2. Nf3 {[%clk 1:31:21]} Nc6 {[%clk
1:31:15]} 3. Bc4 {[%clk 1:31:46]} Bc5 {[%clk 1:31:34]} 4. c3 {[%clk 1:32:09]}
Nf6 {[%clk 1:31:52]} 5. d3 {[%clk 1:32:32]} a6 {[%clk 1:31:59]} 6. Bb3 {[%clk
1:32:51]} Ba7 {[%clk 1:31:55]} 7. Nbd2 {[%clk 1:33:00]} O-O {[%clk 1:31:43]} 8.
h3 {[%clk 1:32:59]} d6 {[%clk 1:31:40]} 9. Nf1 {[%clk 1:33:17]} Ne7 {[%clk
1:31:13]} 10. Ng3 {[%clk 1:33:31]} Ng6 {[%clk 1:31:15]} 11. O-O {[%clk
1:33:35]} c6 {[%clk 1:30:44]} 12. Re1 {[%clk 1:32:22]} Re8 {[%clk 1:29:44]} 13.
d4 {[%clk 1:32:01]} Qe7 {[%clk 1:20:08]} 14. Bc2 {[%clk 1:27:04]} Bd7 {[%clk
1:13:03]} 15. Be3 {[%clk 1:24:47]} c5 {[%clk 0:57:13]} 16. a4 {[%clk 1:01:53]}
cxd4 {[%clk 0:46:49]} 17. cxd4 {[%clk 1:02:17]} exd4 {[%clk 0:46:40]} 18. Nxd4
{[%clk 0:59:55]} Bc5 {[%clk 0:40:29]} 19. Ndf5 {[%clk 0:45:00]} Bxf5 {[%clk
0:36:19]} 20. Nxf5 {[%clk 0:44:07]} Qc7 {[%clk 0:30:29]} 21. Bxc5 {[%clk
0:17:02]} dxc5 {[%clk 0:28:34]} 22. Qf3 {[%clk 0:13:31]} Rad8 {[%clk 0:25:44]}
23. Rad1 {[%clk 0:12:11]} Qf4 {[%clk 0:15:25]} 24. Ne7+ {[%clk 0:08:55]} 1-0

[Event "DEM U14 2021"]
[Site "Willingen GER"]
[Date "2021.08.29"]
[Round "9"]
[White "Costa, Leonardo"]
[Black "Zhou, Lepu Coco"]
[Result "1-0"]
[Termination "normal"]
[Board "1"]
[WhiteTitle "FM"]
[WhiteElo "2336"]
[BlackElo "2009"]
[WhiteClock "00:27:24"]
[BlackClock "00:16:46"]
[PlyCount "67"]
[WhiteFideId "16213955"]
[BlackFideId "16217136"]
[EventCountry "GER"]
[EventRounds "9"]
[EventType "swiss"]
[EventDate "2021.08.22"]

1. e4 {[%clk 1:30:58]} e5 {[%clk 1:30:54]} 2. Nf3 {[%clk 1:31:24]} Nc6 {[%clk
1:31:17]} 3. Bb5 {[%clk 1:31:50]} a6 {[%clk 1:31:29]} 4. Ba4 {[%clk 1:32:16]}
Nf6 {[%clk 1:31:49]} 5. Nc3 {[%clk 1:32:41]} b5 {[%clk 1:30:31]} 6. Bb3 {[%clk
1:33:08]} Be7 {[%clk 1:29:47]} 7. a4 {[%clk 1:31:54]} b4 {[%clk 1:26:38]} 8.
Nd5 {[%clk 1:32:19]} Nxe4 {[%clk 1:22:34]} 9. d4 {[%clk 1:32:40]} exd4 {[%clk
1:12:24]} 10. Bf4 {[%clk 1:32:56]} Nd6 {[%clk 1:05:47]} 11. O-O {[%clk
1:20:03]} O-O {[%clk 1:04:56]} 12. Nxd4 {[%clk 1:18:05]} Nxd4 {[%clk 1:00:46]}
13. Qxd4 {[%clk 1:18:00]} Nf5 {[%clk 1:01:03]} 14. Qe4 {[%clk 1:16:21]} c6
{[%clk 0:45:50]} 15. Nxe7+ {[%clk 1:04:47]} Nxe7 {[%clk 0:46:11]} 16. Bd6
{[%clk 0:59:13]} Ng6 {[%clk 0:45:59]} 17. Rfe1 {[%clk 0:57:42]} a5 {[%clk
0:43:22]} 18. Bxf8 {[%clk 0:51:31]} Qxf8 {[%clk 0:43:10]} 19. Qe8 {[%clk
0:50:34]} d5 {[%clk 0:38:45]} 20. Qxc6 {[%clk 0:50:33]} Be6 {[%clk 0:39:07]}
21. Qc7 {[%clk 0:46:20]} Nh4 {[%clk 0:37:11]} 22. Qf4 {[%clk 0:43:17]} Qd8
{[%clk 0:35:49]} 23. Rad1 {[%clk 0:42:01]} h5 {[%clk 0:32:23]} 24. Qe5 {[%clk
0:37:26]} Ra6 {[%clk 0:27:28]} 25. Qxh5 {[%clk 0:31:46]} g6 {[%clk 0:23:29]}
26. Qe5 {[%clk 0:31:47]} Kh7 {[%clk 0:21:13]} 27. Bxd5 {[%clk 0:27:27]} Rd6
{[%clk 0:20:20]} 28. Be4 {[%clk 0:27:52]} Rxd1 {[%clk 0:17:48]} 29. Qh5+ {[%clk
0:28:18]} Kg7 {[%clk 0:18:07]} 30. Qxd1 {[%clk 0:28:40]} Qf6 {[%clk 0:18:12]}
31. b3 {[%clk 0:27:55]} Qg5 {[%clk 0:17:09]} 32. Qd4+ {[%clk 0:28:05]} Kh7
{[%clk 0:17:16]} 33. Qe3 {[%clk 0:28:12]} Qh5 {[%clk 0:16:46]} 34. Qf4 {[%clk
0:27:24]} 1-0

[Event "DEM U14 2021"]
[Site "Willingen GER"]
[Date "2021.08.29"]
[Round "9"]
[White "Foerster-Yialamas, Lucas"]
[Black "Stork, Christopher"]
[Result "1/2-1/2"]
[Termination "normal"]
[Board "2"]
[WhiteTitle "CM"]
[WhiteElo "1881"]
[BlackElo "1885"]
[WhiteClock "00:18:06"]
[BlackClock "00:13:19"]
[PlyCount "49"]
[WhiteFideId "30901774"]
[BlackFideId "16215400"]
[EventCountry "GER"]
[EventRounds "9"]
[EventType "swiss"]
[EventDate "2021.08.22"]

1. e4 {[%clk 1:30:57]} c6 {[%clk 1:30:53]} 2. d4 {[%clk 1:31:13]} d5 {[%clk
1:31:18]} 3. e5 {[%clk 1:31:39]} c5 {[%clk 1:31:43]} 4. dxc5 {[%clk 1:32:04]}
Nc6 {[%clk 1:32:09]} 5. f4 {[%clk 1:32:17]} Nh6 {[%clk 1:31:42]} 6. a3 {[%clk
1:26:58]} e6 {[%clk 1:30:38]} 7. Be3 {[%clk 1:25:36]} Nf5 {[%clk 1:16:44]} 8.
Bf2 {[%clk 1:25:39]} g5 {[%clk 1:09:21]} 9. Bd3 {[%clk 1:20:11]} gxf4 {[%clk
0:55:03]} 10. Bxf5 {[%clk 1:19:38]} exf5 {[%clk 0:55:00]} 11. Nf3 {[%clk
1:15:19]} Be6 {[%clk 0:53:40]} 12. Qd2 {[%clk 1:13:42]} Rg8 {[%clk 0:51:57]}
13. O-O {[%clk 1:12:25]} Qc7 {[%clk 0:44:49]} 14. Re1 {[%clk 1:03:16]} O-O-O
{[%clk 0:42:36]} 15. Nc3 {[%clk 0:56:23]} a6 {[%clk 0:37:48]} 16. Na4 {[%clk
0:49:37]} Be7 {[%clk 0:34:12]} 17. Nb6+ {[%clk 0:47:24]} Kb8 {[%clk 0:33:59]}
18. b4 {[%clk 0:45:46]} d4 {[%clk 0:26:49]} 19. h3 {[%clk 0:34:04]} Rg6 {[%clk
0:22:27]} 20. Qxf4 {[%clk 0:32:46]} Rdg8 {[%clk 0:17:33]} 21. g3 {[%clk
0:32:20]} Bf8 {[%clk 0:15:30]} 22. Kh2 {[%clk 0:21:57]} Bh6 {[%clk 0:12:44]}
23. Qh4 {[%clk 0:22:12]} Be3 {[%clk 0:12:51]} 24. Bxe3 {[%clk 0:19:37]} dxe3
{[%clk 0:13:19]} 25. Rxe3 {[%clk 0:18:06]} 1/2-1/2

[Event "DEM U14 2021"]
[Site "Willingen GER"]
[Date "2021.08.29"]
[Round "9"]
[White "Deuer, Marius"]
[Black "Bakiev, Diyor"]
[Result "1-0"]
[Termination "normal"]
[Board "3"]
[WhiteTitle "FM"]
[WhiteElo "2163"]
[BlackElo "2119"]
[WhiteClock "00:05:29"]
[BlackClock "00:02:54"]
[PlyCount "83"]
[WhiteFideId "16236432"]
[BlackFideId "16241584"]
[EventCountry "GER"]
[EventRounds "9"]
[EventType "swiss"]
[EventDate "2021.08.22"]

1. e4 {[%clk 1:30:58]} c6 {[%clk 1:30:51]} 2. Nf3 {[%clk 1:31:24]} d5 {[%clk
1:31:14]} 3. d3 {[%clk 1:31:50]} dxe4 {[%clk 1:30:08]} 4. dxe4 {[%clk 1:32:18]}
Qxd1+ {[%clk 1:30:29]} 5. Kxd1 {[%clk 1:32:47]} Bg4 {[%clk 1:29:17]} 6. Be2
{[%clk 1:33:15]} Nd7 {[%clk 1:27:52]} 7. Ne1 {[%clk 1:33:39]} Bxe2+ {[%clk
1:26:24]} 8. Kxe2 {[%clk 1:34:06]} Ngf6 {[%clk 1:24:11]} 9. f3 {[%clk 1:33:05]}
e5 {[%clk 1:22:57]} 10. Nd3 {[%clk 1:33:08]} Bd6 {[%clk 1:22:55]} 11. Be3
{[%clk 1:33:30]} Ke7 {[%clk 1:18:02]} 12. a4 {[%clk 1:28:40]} a5 {[%clk
1:07:24]} 13. Nd2 {[%clk 1:24:36]} Rhd8 {[%clk 0:57:11]} 14. Rhb1 {[%clk
1:09:28]} Ne8 {[%clk 0:47:50]} 15. Nc4 {[%clk 0:43:22]} Bc7 {[%clk 0:34:08]}
16. Bd2 {[%clk 0:35:10]} Nd6 {[%clk 0:24:41]} 17. Ne3 {[%clk 0:33:00]} Rdb8
{[%clk 0:15:40]} 18. b4 {[%clk 0:32:26]} b5 {[%clk 0:10:04]} 19. axb5 {[%clk
0:28:14]} Nxb5 {[%clk 0:09:36]} 20. Nf5+ {[%clk 0:26:48]} Kf6 {[%clk 0:07:37]}
21. c4 {[%clk 0:25:44]} Nd4+ {[%clk 0:06:56]} 22. Nxd4 {[%clk 0:26:12]} exd4
{[%clk 0:07:25]} 23. bxa5 {[%clk 0:26:26]} Rxb1 {[%clk 0:05:46]} 24. Rxb1
{[%clk 0:26:46]} Ra7 {[%clk 0:04:47]} 25. Ra1 {[%clk 0:21:28]} c5 {[%clk
0:04:33]} 26. f4 {[%clk 0:19:34]} Ke6 {[%clk 0:04:19]} 27. Kf3 {[%clk 0:18:42]}
f6 {[%clk 0:03:24]} 28. h4 {[%clk 0:13:03]} Ra6 {[%clk 0:03:07]} 29. Rb1 {[%clk
0:10:44]} Ra7 {[%clk 0:02:29]} 30. Rb5 {[%clk 0:11:04]} Kd6 {[%clk 0:02:29]}
31. Nxc5 {[%clk 0:06:57]} Nxc5 {[%clk 0:02:00]} 32. Bb4 {[%clk 0:07:26]} Ke6
{[%clk 0:01:08]} 33. Rxc5 {[%clk 0:05:58]} Rb7 {[%clk 0:01:17]} 34. Rb5 {[%clk
0:05:52]} Ra7 {[%clk 0:01:27]} 35. g3 {[%clk 0:05:29]} g6 {[%clk 0:01:19]} 36.
Ke2 {[%clk 0:05:05]} Bd8 {[%clk 0:01:30]} 37. Kd3 {[%clk 0:05:16]} f5 {[%clk
0:01:47]} 38. e5 {[%clk 0:04:33]} Rd7 {[%clk 0:02:05]} 39. Bc5 {[%clk 0:04:44]}
h6 {[%clk 0:02:13]} 40. a6 {[%clk 0:05:08]} Be7 {[%clk 0:02:29]} 41. Bxe7
{[%clk 0:05:00]} Rxe7 {[%clk 0:02:54]} 42. Rb6+ {[%clk 0:05:29]} 1-0